000 00303nam a22001337a 4500
008 171101b xxu||||| |||| 00| 0 eng d
020 _a9780471190561
041 _aeng
080 _a339
100 _a59
101 _aDER
245 _aWINNING AT MERGERS ANDASQUISITIONS
_cMARK.N
942 _2udc
_cBK
999 _c37022
_d37022